000 00490 a2200157 4500
999 _c54
_d54
020 _a9780534626631
050 _aBC71 SAL 2007
100 _aSalmon, Merrilee H.
_eauthor
245 _aIntroduction to logic and critical thinking /
_cMerrilee H. Salmon
264 _aBelmont, CA :
_bThomson Wadsworth,
_c2007
300 _axv, 492p. :
500 _aIncludes bibliographical references (p. [429]-433) and index
650 _aLogic
650 _aReasoning
942 _2lcc
_cBK
_e5th ed.
_h71
_iSAL
_kBC